000 00445nam a2200157 i 4500
001 35857
003 ES-MaACL
005 20230906155229.0
007 t|
008 030214s1958 sp ||||1| spa d
100 1 _aBouman, P. J.
_930933
245 1 0 _aAnton Philips
_b: como hombre y como fabricante /
_cP. J. Bouman.
260 _aMadrid :
_bParaninfo,
_c[1958]
300 _a300 p., 15 lám. ;
_c22 cm.
852 _aES-MaACL
_jC-17572
_bR.45892
999 _c35857
_d35857